Ochrana ovzdušia ; Terézia Klajbanová

Bibliographic Details
Format: Book
Language:Czech
PhysicalDescription:196 s., 10,497 AH Tb. Sch. Grafy. 20 cm
Published: Bratislava Dom techniky ČSVTS 1981
Edition:1. vyd.

MARC

LEADER 00000nam a2200000 a 4500
001 vtls001102114
003 SK-MaSNL
005 20260301233145.0
008 250414s1981 CS 0 cze
015 |a SNBA1981/07 
035 |a SNK000044956 
040 |a SNK  |b slo  |c SNK  |e AACR2 
041 0 |a cze 
044 |a [CS] 
080 |a 502.56:628.51(08)  |2 1981 
080 |a 628.51(08)  |2 1981 
245 0 0 |a Ochrana ovzdušia ; Terézia Klajbanová 
250 |a 1. vyd. 
260 |a Bratislava  |b Dom techniky ČSVTS  |c 1981  |e Bratislava  |f Dom techniky ČSVTS 
300 |a 196 s., 10,497 AH  |b Tb. Sch. Grafy.  |c 20 cm 
366 |e 230 výtl. 
500 |a Lit. 49. Text čes. Čl. aj slov. Pre účastníkov podujatia a pre služobnú potrebu podnikov. Publ. je predajná iba soc. organizáciám. Rozmn. 49 zázn. lit. o knihách, závereč. a výsk. správach v jaz. slov., čes., rus. a angl. 
700 1 |a Klajbanová, Terézia  |4 oth  |9 278962 
852 |a Slovenská národná knižnica 
954 |a ovzdušie  |a ochrana ovzdušia  |a znečisťovanie ovzdušia 
958 |a NB 
958 |a CZ 
958 |a RM 
958 |a OND 
999 |c 964831  |d 966761 
952 |a SNK  |b SNK  |y VYP  |7 0  |p 17A0631756  |o snkSD 51236 D1  |i snk2011/17915  |8 0  |0 0  |1 0  |4 0  |d 2011-08-31  |l 0  |r 2026-02-24 10:33:35  |w 2026-02-24